Interior design and decoration / (Record no. 2416)

MARC details
000 -LEADER
fixed length control field 00717nam a2200229 4500
003 - CONTROL NUMBER IDENTIFIER
control field OSt
005 - DATE AND TIME OF LATEST TRANSACTION
control field 20240719025428.0
008 - FIXED-LENGTH DATA ELEMENTS--GENERAL INFORMATION
fixed length control field 240719b |||||||| |||| 00| 0 eng d
020 ## - INTERNATIONAL STANDARD BOOK NUMBER
International Standard Book Number 8123911920
040 ## - CATALOGING SOURCE
Original cataloging agency DWCL-Main lib.
Transcribing agency OC
082 ## - DEWEY DECIMAL CLASSIFICATION NUMBER
Edition number First edition
Classification number Circ. 729 S453i 2005
006 - FIXED-LENGTH DATA ELEMENTS--ADDITIONAL MATERIAL CHARACTERISTICS
fixed length control field a
100 ## - MAIN ENTRY--PERSONAL NAME
Personal name Seetharaman, Premavathy
245 ## - TITLE STATEMENT
Title Interior design and decoration /
250 ## - EDITION STATEMENT
Edition statement First edition
260 ## - PUBLICATION, DISTRIBUTION, ETC.
Place of publication, distribution, etc. New Delhi:
Name of publisher, distributor, etc. CBS Pub. & Distributors,
Date of publication, distribution, etc. c2005.
300 ## - PHYSICAL DESCRIPTION
Extent vi,
Other physical details 336 p. : ill. (some col.) :
Dimensions 25cm.
504 ## - BIBLIOGRAPHY, ETC. NOTE
Bibliography, etc. note Includes bibliographical references & index.
650 ## - SUBJECT ADDED ENTRY--TOPICAL TERM
Topical term or geographic name entry element 1. Interior Design.
650 ## - SUBJECT ADDED ENTRY--TOPICAL TERM
Topical term or geographic name entry element 2. Decorations and Ornaments.
942 ## - ADDED ENTRY ELEMENTS (KOHA)
Source of classification or shelving scheme Dewey Decimal Classification
Suppress in OPAC No
Koha item type Book Circulation
Edition First edition
Call number prefix Circ.
Holdings
Withdrawn status Lost status Source of classification or shelving scheme Damaged status Not for loan Home library Current library Date acquired Source of acquisition Total Checkouts Full call number Barcode Date last seen Copy number Price effective from Koha item type Uniform Resource Identifier
    Dewey Decimal Classification     College Library College Library 06/21/2010 Donation   Circ. 729 S453i 2005 CL47394 07/19/2024 c1 07/19/2024 Book Circulation